|
|
|
|
| LEADER |
02479nam a2200397 4500 |
| 001 |
37024 |
| 003 |
BD-DhAAL |
| 005 |
20200216132714.0 |
| 008 |
130220t2019 bg |||| |||| 001 0 ben d |
| 999 |
|
|
|c 42204
|d 42204
|
| 020 |
|
|
|a 9789845063234
|
| 040 |
|
|
|a BD-DhAAL
|
| 041 |
|
|
|a ben
|
| 082 |
|
|
|a 909
|2 23
|
| 100 |
|
|
|a হারারি, ইয়ুভাল নোয়াহ
|9 39259
|
| 245 |
|
|
|a স্যাপিয়েন্স মানবজাতির সংক্ষিপ্ত ইতিহাস /
|c ইয়ুভাল নোয়াহ হারারি; সৈয়দ ফায়েজ আহমেদ ও প্রত্যাশা প্রাচুর্য অনুবাদিত
|
| 246 |
|
|
|a Sapiens :
|b a brief history of humankind
|
| 250 |
|
|
|a দ্বিতীয় সংস্করণ
|
| 260 |
|
|
|a ঢাকা :
|b দি ইউনিভার্সিটি প্রেস লিমিটেড(ইউ পি এল),
|c c২০১৯
|
| 300 |
|
|
|a ৪৮৬ পৃষ্ঠা ;
|c ২২ সে.মি.
|
| 504 |
|
|
|a বিবলিওগ্রাফী এবং ইনডেক্স অন্তর্ভুক্ত।
|
| 526 |
|
|
|a AAL
|
| 541 |
|
|
|a ইউনিভার্সিটি প্রেস লিমিটেড(ইউ পি এল)
|e 37024, 37025
|
| 546 |
|
|
|a In Bengali.
|
| 650 |
|
|
|a Civilization
|x History.
|9 39260
|
| 650 |
|
|
|a Human beings
|x History.
|9 39261
|
| 650 |
|
|
|a World history.
|9 39262
|
| 650 |
|
|
|a Chronology, Historical.
|9 39263
|
| 650 |
|
|
|a Technology and civilization
|x History.
|9 39264
|
| 650 |
|
|
|a SCIENCE / Life Sciences / Evolution.
|2 bisacsh
|9 39265
|
| 700 |
|
|
|a আহমেদ, সৈয়দ ফায়েজ,
|4 অনুবাদক
|9 39266
|
| 700 |
|
|
|a প্রাচুর্য, প্রত্যাশা,
|4 অনুবাদক
|9 39267
|
| 852 |
|
|
|a Ayesha Abed Library
|b General Stacks
|
| 942 |
|
|
|2 ddc
|c BK
|
| 952 |
|
|
|0 0
|1 0
|2 ddc
|4 0
|6 909_000000000000000_HAR
|7 0
|9 67901
|a BRACUL
|b BRACUL
|c GEN
|d 2020-02-10
|e ইউনিভার্সিটি প্রেস লিমিটেড(ইউ পি এল)
|g 487.50
|l 8
|m 71
|o 909 HAR
|p 3010037024
|r 2025-10-14
|s 2025-07-03
|t 1
|v 650.00
|w 2020-02-10
|y BK
|
| 952 |
|
|
|0 0
|1 0
|2 ddc
|4 0
|6 909_000000000000000_HAR
|7 0
|9 67902
|a BRACUL
|b BRACUL
|c GEN
|d 2020-02-10
|e ইউনিভার্সিটি প্রেস লিমিটেড(ইউ পি এল)
|g 487.50
|l 7
|m 106
|o 909 HAR
|p 3010037025
|r 2026-05-09
|s 2026-02-24
|t 2
|v 650.00
|w 2020-02-10
|y BK
|